000 00646nam a2200241 i 4500
001 C2-0220942
003 PPAK
005 20180728150718.0
008 991007s1999 nyu |||| ||||| | eng d
020 _a0440226619
040 _aPPAK
_beng
_cPPAK
_erda
082 0 4 _a363.34
_223
090 0 0 _a363.34
_bPOR
_dG
100 1 _aPorter, Henry F,
_eauthor
245 1 0 _aForecast disaster :
_bthe future of El Nino
264 1 _aNew York :
_bDell Publishing ,
_c1999
300 _a196 pages ;
_c18 cm
336 _2rdacontent
_atext
337 _2rdamedia
_aunmediated
338 _2rdacarrier
_avolume
650 1 0 _aDisasters
942 _ddc
_cB
999 _c142717
_d142717